Institutional care and the mentally handicapped : (Record no. 81)

MARC details
000 -LEADER
fixed length control field 01129cam a2200313 a 4500
005 - DATE AND TIME OF LATEST TRANSACTION
control field 20260322212005.0
008 - FIXED-LENGTH DATA ELEMENTS--GENERAL INFORMATION
fixed length control field data
010 ## - LIBRARY OF CONGRESS CONTROL NUMBER
LC control number 85-22025
020 ## - INTERNATIONAL STANDARD BOOK NUMBER
International Standard Book Number 0709905645
020 ## - INTERNATIONAL STANDARD BOOK NUMBER
International Standard Book Number 9780709905646
040 ## - CATALOGING SOURCE
Original cataloging agency DNLM
Transcribing agency DNLM
041 09 - LANGUAGE CODE
Language code of text/sound track or separate title eng
044 ## - COUNTRY OF PUBLISHING/PRODUCING ENTITY CODE
-- England
060 00 - NATIONAL LIBRARY OF MEDICINE CALL NUMBER
Classification number WM 30
Item number A3236i 1986
096 ## - LOCALLY ASSIGNED NLM-TYPE CALL NUMBER (OCLC)
Classification number WM 30 A32361 1986
001 - CONTROL NUMBER
control field data
100 1# - MAIN ENTRY--PERSONAL NAME
Personal name Alaszewski, Andy.
245 10 - TITLE STATEMENT
Title Institutional care and the mentally handicapped :
Remainder of title the mental handicap hospital /
Statement of responsibility, etc. Andy Alaszewski.
260 ## - PUBLICATION, DISTRIBUTION, ETC.
Place of publication, distribution, etc. London ; Dover, N.H. :
Name of publisher, distributor, etc. Croom Helm,
Date of publication, distribution, etc. c1986.
300 ## - PHYSICAL DESCRIPTION
Extent ix, 268 p. :
Other physical details ill.
500 ## - GENERAL NOTE
General note Originally presented as author's thesis (Ph. D.--University of Cambridge, 1981).
500 ## - GENERAL NOTE
General note Includes index.
504 ## - BIBLIOGRAPHY, ETC. NOTE
Bibliography, etc. note Bibliography: p. 252-262.
520 ## - SUMMARY, ETC.
Summary, etc. Originally presented as author's thesis (Ph.D.- University of Cambridge)
590 ## - LOCAL NOTE (RLIN)
Local note Includes bibliography p. 252 and index.
650 #2 - SUBJECT ADDED ENTRY--TOPICAL TERM
Topical term or geographic name entry element Hospitals, Psychiatric
General subdivision organization & administration
Geographic subdivision Great Britain
650 #2 - SUBJECT ADDED ENTRY--TOPICAL TERM
Topical term or geographic name entry element Mental Disorders
General subdivision classification
Geographic subdivision Great Britain
650 #2 - SUBJECT ADDED ENTRY--TOPICAL TERM
Topical term or geographic name entry element Mental Health Services
General subdivision organization & administration
Geographic subdivision Great Britain
Holdings
Withdrawn status Lost status Damaged status Not for loan Home library Current library Shelving location Date acquired Total checkouts Full call number Barcode Date last seen Price effective from Koha item type
        Riverside Riverside General stacks 22/03/2026   GEN BC0010084 22/03/2026 22/03/2026 Books